| 000 | nam a22 7a 4500 | ||
|---|---|---|---|
| 999 |
_c2501 _d2501 |
||
| 005 | 20170517082800.0 | ||
| 008 | 170517b1996 enk||||| |||| 00| 0 eng d | ||
| 020 |
_a1861524080 (pbk) : _cNo price |
||
| 040 | _aAKMAL | ||
| 082 | _a608 BRO | ||
| 090 |
_a608 _bBRO |
||
| 100 | 1 |
_aBrooking, Annie _95203 |
|
| 245 | 1 | 0 |
_aIntellectual capital / _cAnnie Brooking. |
| 260 |
_aLondon : _b International Thomson Business Press, _c1996 |
||
| 300 |
_avii,204p. : _b ill. ; _c24 cm |
||
| 500 | _aBibliography: p195-199. _ Includes index. | ||
| 650 | 0 |
_aIntellectual capital _95204 |
|
| 942 |
_2ddc _cBOOK |
||